| 000 | 00359nam a22001217a 4500 | ||
|---|---|---|---|
| 020 | _a9788183711111 | ||
| 082 |
_a628 _bRAG/TE |
||
| 100 |
_aRaghavan Nabiar,K _9374 |
||
| 245 | _aText Book of Enviromental Studies- For Undergraduate Courses as per UGC Model Syllabus | ||
| 250 | _a2 | ||
| 260 |
_aChennai _bScitech Publications (india)Pvt.Ltd _c2008 |
||
| 942 | _cBK | ||
| 999 |
_c14281 _d14281 |
||